| 000 | 00546nam a2200217 a 4500 | ||
|---|---|---|---|
| 001 | 4349 | ||
| 003 | CDMR | ||
| 005 | 20151026134202.0 | ||
| 007 | ta | ||
| 008 | 130130s1996||||||||||||||||||||||||||||d | ||
| 020 | _a847880711X | ||
| 024 |
_2DL _aM401821996 |
||
| 040 |
_aCDMR _bcat _cCDMR |
||
| 110 |
_93493 _aEl Mundo (Diari) |
||
| 245 | 3 |
_aEl Mundo _bLibro de estilo |
|
| 260 |
_aMadrid _c1996 _bTemas de hoy |
||
| 300 | _a390 P. | ||
| 654 |
_93086 _aPeriodisme _vManuals d'estil |
||
| 654 |
_93772 _aPeriodisme--Manuals d'estil |
||
| 942 |
_cMON _2udc |
||
| 999 |
_c4349 _d4349 |
||